01016nam a2200253 i 4500001000300000003000400003005001700007008003900024020001800063020001500081040000800096080001200104080001200116245016200128250008400290260005600374300007500430500003000505650005200535655001300587650002000600700004400620856009800664bgBPK20200130120203.0100504s2010 pl a f f |001 0 pol a9788375370263 a8388285564 cBPK a02(438) a(083.1)00aVademecum bibliotekarzah:bpraktyczne i aktualne informacje dla bibliotekarzy /czespół aut. pod red. Lucjana Bilińskiego ; Lucjan Biliński [et al.]. a Stan prawny na dzień 12 sierpnia 2010 roku. Aktualizacja - marzec 2014 r.  aWarszawa :bWydawnictwo Verlag Dashöfer,c2010- . aSkoroszyt (wiele liczb.) ;c23 cm +edysk optyczny CD-ROM : wersja 8.0 aWydawnictwo skoroszytowe. 4aBibliotekarstwoxprawozPolskaystan na 2014 r. 4aPoradnik 4aBibliotekarstwo1 aBiliński, Lucjan.d(1930-2015)eAutor uhttp://koha.tu.koszalin.pl/cgi-bin/koha/opac-detail.pl?biblionumber=49192yKatalog online BPK